| 000 | 00974nam a2200229 4500 | ||
|---|---|---|---|
| 001 | 41407 | ||
| 003 | BD-RjUL | ||
| 005 | 20211209053401.0 | ||
| 008 | 160530s1984 bg ||| | || 00| 1 beben | ||
| 020 | _cTk. 150.00 | ||
| 035 | _a(BD-RjUL)41524 | ||
| 040 |
_aBD-RjUL _bben _cBD-RjUL |
||
| 041 | _aben | ||
| 082 |
_223 _a891.4409 _bSAM 1989 |
||
| 245 | 0 | 0 |
_aসমকালীন বাংলা কথাসাহিত্য / _cসম্পাদক খান সারওয়ার মুরশিদ |
| 260 |
_aঢাকা : _bএশিয়াটিক সোসাইটি, _c১৯৮৯ |
||
| 300 |
_a[২৪], ৪০৬ পৃ. ; _c২১ সেমি. |
||
| 650 |
_a Bengali literature _x History and criticism. _9117020 |
||
| 650 |
_aবাংলা সাহিত্য _xইতিহাস ও সমালোচনা _9118060 |
||
| 700 |
_a মুরশিদ, খান সারওয়ার, সম্পাদক _9127307 |
||
| 942 |
_2ddc _cBK _01 |
||
| 999 |
_c41407 _d41407 |
||